[Event "Shenyang final"]
[Site "Shenyang final"]
[Date "2000.??.??"]
[Round "2"]
[White "Xu Yuhua"]
[Black "Zhukova, Natalia"]
[Result "1-0"]
[WhiteElo "2505"]
[BlackElo "2450"]
[PlyCount "147"]
[EventDate "2000.??.??"]

1. e4 Nf6 2. e5 Nd5 3. d4 d6 4. Nf3 dxe5 5. Nxe5 g6 6. Bc4 c6 7. O-O Bg7 8. Re1
O-O 9. Bb3 a5 10. a4 Be6 11. c3 Nd7 12. Nd3 Bf5 13. Na3 Re8 14. Bg5 N5f6 15.
Bh4 h6 16. h3 e6 17. Bc2 Nb6 18. Nc5 Bxc2 19. Qxc2 Ra7 20. Qb3 g5 21. Bg3 Nfd5
22. Rad1 Qe7 23. Nc2 Nc8 24. Ne3 Nxe3 25. Rxe3 b6 26. Nd3 Rb7 27. Rde1 Nd6 28.
Ne5 Rc8 29. R3e2 Qd8 30. Nf3 b5 31. axb5 Rxb5 32. Qa2 Nf5 33. Be5 Bf8 34. Nd2
Be7 35. Ne4 Ra8 36. Qa4 Rb6 37. Ra1 Rba6 38. Ree1 Qb6 39. Ra2 Qb5 40. Nf6+ Kf8
41. Qc2 Bxf6 42. Bxf6 Kg8 43. Re5 Qb7 44. Qe2 Kh7 45. Qh5 Rg8 46. Rexa5 Rxa5
47. Rxa5 Rg6 48. Be5 f6 49. Bg3 Nxg3 50. fxg3 Qc7 51. Rc5 Qxg3 52. Qf3 Qe1+ 53.
Kh2 f5 54. Rxc6 Rg7 55. Qg3 Qe4 56. Rc7 f4 57. Rxg7+ Kxg7 58. Qf3 Qf5 59. b4
Kg6 60. Qg4 Qd5 61. h4 Qc4 62. Qf3 Kf5 63. Qh5 Qxc3 64. Qf7+ Kg4 65. Qxe6+ Kh5
66. hxg5 Kxg5 67. Qg8+ Kh4 68. Qd8+ Kg4 69. Qd7+ Kg5 70. Qg7+ Kf5 71. b5 Qe1
72. Qe5+ Qxe5 73. dxe5 Kxe5 74. Kh3 1-0

[Event "Internet rapid m-2"]
[Site "Internet rapid m-2"]
[Date "2000.??.??"]
[Round "3"]
[White "Piket, Jeroen"]
[Black "Svidler, Peter"]
[Result "1-0"]
[WhiteElo "2630"]
[BlackElo "2670"]
[Annotator "Piket"]
[PlyCount "45"]
[EventDate "2000.??.??"]

1. Nf3 Nf6 2. c4 g6 3. Nc3 d5 4. cxd5 Nxd5 5. h4 Nf6 6. d4 Bg7 7. e4 O-O 8. Be2
c5 9. d5 e6 10. h5 Nxh5 11. g4 Nf6 12. Bg5 Qb6 13. Bxf6 Bxf6 14. Qd2 Bg7 15.
O-O-O Nd7 16. g5 c4 17. Rh2 Re8 18. d6 Rd8 19. Qf4 Qa5 20. Rxh7 f5 21. gxf6
Nxf6 22. Rxg7+ Kxg7 23. e5 1-0

[Event "Stockholm"]
[Site "Stockholm"]
[Date "1999.??.??"]
[Round "7"]
[White "Akesson, Ralf"]
[Black "Ivanov, Sergey"]
[Result "0-1"]
[WhiteElo "2535"]
[BlackElo "2535"]
[Annotator "(M/00-1-26) Ivanov"]
[PlyCount "68"]
[EventDate "1999.??.??"]

1. d4 d5 2. c4 e6 3. Nc3 c6 4. e3 Nf6 5. Nf3 Nbd7 6. Qc2 Bd6 7. g4 Bb4 8. a3
Bxc3+ 9. bxc3 b6 10. Rg1 Bb7 11. Nd2 c5 12. cxd5 exd5 13. g5 Ne4 14. Nxe4 dxe4
15. Bb2 cxd4 16. cxd4 O-O 17. d5 Re8 18. Rd1 a6 19. Qa4 b5 20. Qd4 Ne5 21. Be2
Rc8 22. Qxe4 Nc4 23. Qd4 Nxb2 24. Qxb2 Bxd5 25. Kf1 Qd7 26. Bg4 Bc4+ 27. Ke1
Qc7 28. Bxc8 Qxh2 29. Rg4 Rxc8 30. Rc1 Qh1+ 31. Kd2 Qf3 32. Rcxc4 bxc4 33. Rf4
Rd8+ 34. Kc3 Rd3+ 0-1